| 000 | 01000nam a2200289Ia 4500 | ||
|---|---|---|---|
| 001 | Para_433 | ||
| 003 | CHAP | ||
| 008 | 220125s2000 xx 000 0 und d | ||
| 010 | _a199188 | ||
| 040 | _cCHAP | ||
| 090 | _aPA TESIS 1461 | ||
| 100 |
_aJiménez Cano, José _961460 |
||
| 245 |
_aComportamiento de variedades de chile (Capsicum annum L.) a Phytophthora capsici Leo en Montecillo, México / _c por José Jiménez Cano |
||
| 260 |
_aChapingo, Méx. : _b el autor |
||
| 300 | _a54 h. | ||
| 502 | _aTesis (Ing. Agr. Esp. en Parasitología Agrícola) -- UACh. Departamento Parasitología Agrícola | ||
| 650 |
_aChile (botánica) _x variedades resistentes a enfermedades _922394 |
||
| 650 |
_aPhytophthora capsici _987920 |
||
| 710 |
_aUACh. Departamento Parasitología Agrícola _9164025 |
||
| 901 | _aPA TESIS 1461 | ||
| 902 | _aA | ||
| 905 | _a0000002000 dn 0000000000 00 | ||
| 910 | _a2000 | ||
| 942 | _cPARA | ||
| 942 |
_cPARA _d1 |
||
| 999 |
_c199188 _d199188 |
||